| 000 | 00364nam a2200157Ia 4500 | ||
|---|---|---|---|
| 008 | 230917s9999||||xx |||||||||||||| ||und|| | ||
| 040 |
_e80545 _aMAIN |
||
| 041 | _aEnglish | ||
| 082 | _a342 S82A | ||
| 100 | _aSathe, S P | ||
| 245 | 0 | _aAdministrative law | |
| 250 | _a4th ed. | ||
| 260 |
_aBombay _bN.M Triphathi _c1984 |
||
| 300 | _alxiii, 495 p. | ||
| 942 | _cBK | ||
| 999 |
_c42533 _d42533 |
||